MARC

LEADER 00000nas a2200000 a 4500
001 ssj0004406
003 WaSeSS
005 20200512172242.0
006 m d
007 cr n
008 971112c19979999enkqx pss 0 0eng c
010 |a  2004263287 
015 |a GBA607292  |2 bnb 
016 7 |a 013363378  |2 Uk 
022 |a 1364-2626  |l 1363-2434  |y 1363-2434 
035 |a (WaSeSS)ssj0004406 
037 |b Carfax International Publishers, PO Box 25, Abingdon, Oxfordshire, OX14 3UE, UK 
040 |a F#A  |b eng  |c F#A  |d OCL  |d OCLCQ  |d TXA  |d SERSO  |d OCLCQ  |d UKMGB  |d OCLCQ  |d OCLCO  |d OCLCQ  |d OCLCF  |d OCLCO  |d OCLCQ  |d DEFHM  |d OCLCO  |d OCLCA  |d NLE  |d DLC  |d AU@  |d WaSeSS 
042 |a pcc 
043 |a e-uk--- 
050 0 0 |a L16 
082 1 0 |a 371  |2 13 
130 0 |a School leadership & management (Online) 
245 1 0 |a School leadership & management  |h [electronic resource]. 
246 3 |a School leadership and management 
260 |a [Abingdon, Oxfordshire] :  |b Carfax International Publishers,  |c ©1997- 
310 |a Five issues per year,  |b 2015- 
321 |a Quarterly,  |b 1998-2014 
321 |a Three no. a year,  |b 1997 
362 0 |a Vol. 17, no. 1 (Mar. 1997)- 
500 |a Title from issue table of contents (MetaPress, viewed Nov. 30, 2004). 
506 |a License restrictions may limit access. 
538 |a Mode of access: World Wide Web. 
588 |a Latest issue consulted: Vol. 38, no. 3 (2018) (Taylor & Francis Online, viewed June 1, 2018). 
650 0 |a Education  |v Periodicals. 
650 0 |a Educational leadership  |v Periodicals. 
650 0 |a School management and organization  |v Periodicals. 
650 7 |a Education.  |2 fast  |0 (OCoLC)fst00902499 
650 7 |a Educational leadership.  |2 fast  |0 (OCoLC)fst00903527 
650 7 |a School management and organization.  |2 fast  |0 (OCoLC)fst01107575 
650 7 |a Schulleitung  |2 gnd 
650 7 |a Zeitschrift  |2 gnd 
651 7 |a Australien  |2 gnd 
655 0 |a Electronic journals. 
776 1 |t School leadership & management  |x 1363-2434  |w (DLC)sn 97030833  |w (OCoLC)37038988 
780 0 0 |t School organization (Online)  |x 1360-0605  |w (DLC) 2004263290  |w (OCoLC)39737594 
850 |a DLC 
856 4 0 |z Full text available from Research Library: 10/01/1997 to 08/31/2000  |u https://search.proquest.com/publication/32935